La rabbia e l'orgoglio / (Record n. 108696)

Dettagli MARC
000 -LEADER
fixed length control field 01246cam a22003614a 4500
001 - CONTROL NUMBER
control field 12679608
003 - CONTROL NUMBER IDENTIFIER
control field IT-RoPau
005 - DATE AND TIME OF LATEST TRANSACTION
control field 20220918181313.0
008 - FIXED-LENGTH DATA ELEMENTS--GENERAL INFORMATION
fixed length control field 020211s2001 it 000 0aita
010 ## - LIBRARY OF CONGRESS CONTROL NUMBER
LC control number 2002409193
020 ## - INTERNATIONAL STANDARD BOOK NUMBER
International Standard Book Number 881786983X
035 ## - SYSTEM CONTROL NUMBER
System control number (ItFiC)it0170477X
040 ## - CATALOGING SOURCE
Original cataloging agency DLC
Transcribing agency DLC
Modifying agency DLC
042 ## - AUTHENTICATION CODE
Authentication code pcc
043 ## - GEOGRAPHIC AREA CODE
Geographic area code e-it---
050 00 - LIBRARY OF CONGRESS CALL NUMBER
Classification number PN5246.F35
Item number A3 2001
082 00 - DEWEY DECIMAL CLASSIFICATION NUMBER
Classification number 070/.92
-- B
Edition number 21
100 1# - MAIN ENTRY--PERSONAL NAME
Personal name Fallaci, Oriana.
9 (RLIN) 35871
245 13 - TITLE STATEMENT
Title La rabbia e l'orgoglio /
Statement of responsibility, etc. Oriana Fallaci.
250 ## - EDITION STATEMENT
Edition statement 1. ed.
260 ## - PUBLICATION, DISTRIBUTION, ETC. (IMPRINT)
Place of publication, distribution, etc. Milano :
Name of publisher, distributor, etc. Rizzoli,
Date of publication, distribution, etc. 2001.
300 ## - PHYSICAL DESCRIPTION
Extent 162 p. ;
Dimensions 21 cm.
490 1# - SERIES STATEMENT
Series statement Opere di Oriana Fallaci
505 0# - FORMATTED CONTENTS NOTE
Formatted contents note The writer's first work for ten years, on themes linked to the events of September 11: America, Italy, Europe, Islam and ourselves, interspersed with personal memoirs.
600 10 - SUBJECT ADDED ENTRY--PERSONAL NAME
Personal name Fallaci, Oriana.
9 (RLIN) 35871
650 #0 - SUBJECT ADDED ENTRY--TOPICAL TERM
Topical term or geographic name as entry element Journalists
Geographic subdivision Italy
Form subdivision Biography.
9 (RLIN) 35872
650 #0 - SUBJECT ADDED ENTRY--TOPICAL TERM
Topical term or geographic name as entry element September 11 Terrorist Attacks, 2001.
9 (RLIN) 35873
650 #0 - SUBJECT ADDED ENTRY--TOPICAL TERM
Topical term or geographic name as entry element World politics
Chronological subdivision 1995-2005.
9 (RLIN) 35874
800 1# - SERIES ADDED ENTRY--PERSONAL NAME
Personal name Fallaci, Oriana.
Title of a work Works.
Date of a work 1998.
9 (RLIN) 35875
906 ## - LOCAL DATA ELEMENT F, LDF (RLIN)
a 7
b cbc
c origres
d 3
e ncip
f 20
g y-gencatlg
942 ## - ADDED ENTRY ELEMENTS (KOHA)
Source of classification or shelving scheme Dewey Decimal Classification
Koha item type LIBRO
Dati di copia
Withdrawn status Lost status Source of classification or shelving scheme Damaged status Not for loan Home library Current library Date acquired Total Checkouts Full call number Barcode Date last seen Price effective from Koha item type
    Dewey Decimal Classification Buone Condizioni Not For Loan PAULUS-BIBLIOTECA PAULUS-BIBLIOTECA 28/08/2015   070/.92 978881786983X 28/08/2015 28/08/2015 LIBRO
CREDITS: SOCIETA' SAN PAOLO Via A.Severo, 58 - ROMA (RM) & PERIODICI SAN PAOLO SRL Via Giotto, 36 MILANO & CISF Via Giotto, 36 MILANO & EDIZIONI SAN PAOLO SRL,  Piazza Soncino, 5 CINISELLO BALSAMO (MI) -- ITALY